000 00294nam a22001337a 4500
008 180924b xxu||||| |||| 00| 0 eng d
020 _a9780471124962
041 _aeng
080 _a510
100 _a37
101 _aMAT
245 _aPrinciples of Communications
_cZiemer
942 _2udc
_cBK
999 _c48410
_d48410